MARC

LEADER 00000nab a2200000 r4500
001 vtls011746248
003 SK-MaSNL
005 20260304173629.0
008 180907c2018 xo wr|p|||||||000 b|slo
015 |a SNBRB2018/03 
038 |a PPPK 
040 |a PPPKCL  |b slo  |e rda 
041 0 |a slo 
043 |a e-xo--- 
044 |a xo  |c SK 
072 7 |a 796  |x Šport. Hry. Telesné cvičenia  |2 konspekt 
080 |a 796.922.093  |2 2011 
100 0 |a (mik)  |4 aut  |9 861248 
245 1 0 |a V Tatrách dominovala olympijská víťazka  |c [autor] (mik) 
336 |a text  |b txt  |2 rdacontent 
337 |a bez média  |b n  |2 rdamedia 
338 |a zväzok  |b nc  |2 rdacarrier 
600 1 7 |a Procházková, Alena,  |d 1984-  |2 pppkcl  |9 1045486 
610 2 7 |a TJ Tatran Gerlachov  |2 pppkcl  |9 1504002 
611 2 7 |a Memoriál 24 padlých hrdinov SNP  |n (60. :  |d 2017 :  |c Štrbské Pleso, Slovensko)  |2 pppkcl  |9 1504147 
648 7 |a 29.-30.12.2017  |2 pppkcl  |9 1504148 
650 0 7 |a šport  |2 pppkcl  |9 1042 
650 0 7 |a lyžovanie  |2 pppkcl  |9 3256 
650 0 7 |a beh na lyžiach  |2 pppkcl  |9 3259 
650 0 7 |a lyžiarske preteky  |2 pppkcl  |9 55635 
651 7 |a Vysoké Tatry (Poľsko a Slovensko : pohorie)  |2 SNKPHgeo  |9 67729 
651 7 |a Štrbské Pleso (Štrba, Slovensko)  |2 pppkcl  |9 174790 
773 0 |t Podtatranské noviny  |g Roč. LIX, č. 1-2 (2018), s. 6  |x 1210-2423 
852 |a PPPK  |b KIS3GCP 
999 |c 3004775  |d 3006705